| 000 | 00353nam a2200133Ia 4500 | ||
|---|---|---|---|
| 008 | 210716s1991 xx 000 0 und d | ||
| 041 | _aeng | ||
| 082 | _a005.45 MICR | ||
| 245 |
_aMicrosoft ms-dos: user's guide and reference. _bUser's guide and reference. |
||
| 250 | _a1 | ||
| 260 |
_aNoida _c1991 |
||
| 300 | _axiii,668 | ||
| 650 | _aMS DOS(005.3682) | ||
| 999 |
_c182631 _d182631 |
||